Pragmática para hispanistas.

Guardat en:
Dades bibliogràfiques
Autor principal: Portolés, José (autor)
Format: Desconegut
Idioma:anglès
Publicat: Madrid, España: Síntesis, 2007.
Col·lecció:Letras Universitarias.
Matèries:
Etiquetes: Afegir etiqueta
Sense etiquetes, Sigues el primer a etiquetar aquest registre!

MARC

LEADER 00000 a2200000 4500
003 CL-VaPUC
005 20240617131416.0
008 231219t2007 ||||| |||| 00| 0 eng d
999 |c 442258  |d 442256 
020 |a 978-84-975626-5-2 
040 |c Pontificia Universidad Católica de Valparaíso 
082 |2 22  |a 460.141 POR 2007 
100 |a Portolés, José  |9 885508  |e autor 
245 |a Pragmática para hispanistas. 
260 |a Madrid, España:  |b Síntesis,  |c 2007. 
300 |a 365 páginas.  
490 |a Letras Universitarias. 
583 |k GC  |c 20231219 
650 0 |a Lengua española  |x Uso   |x Aspectos teóricos y prácticos   |9 314728 
650 0 |9 309143  |a Idioma español  |v Pragmática  
942 |2 ddc  |c BK 
952 |0 0  |1 0  |2 ddc  |4 0  |6 460_141000000000000_POR_2007  |7 0  |8 A  |9 592928  |a BIBEDU  |b BIBEDU  |c GEN  |d 2023-12-19  |e 3  |g 39926.00  |i 5659840  |o 460.141 POR 2007  |p 5659840  |r 2023-12-19  |t 1  |v 39926.00  |w 2023-12-19  |y BK  |k LIT